000 00594naa a22002057a 4500
001 22514
003 KOHA_MİRAKIL
005 20230714053213.0
008 230712b tu ||||| |||| 00| 0 tur d
020 _a0212114
040 _aTR-AnANB
_btur
_cTR-AnANB
090 _aArmağan-219
245 0 _aKamu İcra Hukukunda Sosyal Devlet İlkesi /
_cTürker Ertaş.
246 _aProf.Dr.Hakan Pekcanıteze Armağan Cilt-4
250 _a1.Basım
260 _aİzmir:
_bDokuz Eylül Üniversitesi Hukuk Fakültesi,
_c2015.
300 _aSayfa 4737-4783
310 _aGünlük
942 _2ddc
_cAR
999 _c26831
_d26831